Housing provision: a "Regeneration and Renewal" special report (Record no. 72711)
[ view plain ]
| 000 -LEADER | |
|---|---|
| fixed length control field | 01567cam a2200217 4500 |
| 001 - CONTROL NUMBER | |
| control field | ABS66716 |
| 008 - FIXED-LENGTH DATA ELEMENTS--GENERAL INFORMATION | |
| fixed length control field | 030520n2003 000 0 eng u |
| 035 ## - SYSTEM CONTROL NUMBER | |
| System control number | (Sirsi) u122349 |
| 100 ## - MAIN ENTRY--PERSONAL NAME | |
| Personal name | Marrs, C. |
| 245 ## - TITLE STATEMENT | |
| Title | Housing provision: a "Regeneration and Renewal" special report |
| 260 ## - PUBLICATION, DISTRIBUTION, ETC. | |
| Date of publication, distribution, etc. | 2003 |
| 490 ## - SERIES STATEMENT | |
| Series statement | Regeneration and Renewal |
| Volume/sequential designation | 9 May 2003, 17-20(4) |
| 520 ## - SUMMARY, ETC. | |
| Summary, etc. | Special feature on affordable housing provision. Government is pushing for more social housing in private developments but house builders' attitudes vary significantly. Explains why some house builders are reluctant to provide affordable housing and highlights other barriers to social housing provision such as the shortage of development land. Argues that local authorities could encourage more affordable housing if planning and housing departments worked together on s106 negotiations. Highlights developers who have delivered high levels of affordable housing such as Wimpey and Countryside Properties and cites a good partnership with councils and housing associations as the key to success. Expands on the benefits of partnership and concludes that clearer government guidance is needed to improve the delivery of affordable housing. Includes research by "Regeneration and Renewal" into the number of affordable house completions by house builders. Graphs and chart. |
| 590 ## - LOCAL NOTE (RLIN) | |
| Local note | ABS |
| 650 ## - SUBJECT ADDED ENTRY--TOPICAL TERM | |
| Topical term or geographic name entry element | HOUSING PROVISION |
| 650 ## - SUBJECT ADDED ENTRY--TOPICAL TERM | |
| Topical term or geographic name entry element | HOUSE BUILDERS |
| 650 ## - SUBJECT ADDED ENTRY--TOPICAL TERM | |
| Topical term or geographic name entry element | DEVELOPERS |
| 650 ## - SUBJECT ADDED ENTRY--TOPICAL TERM | |
| Topical term or geographic name entry element | TOWN AND COUNTRY PLANNING ACT 1990 S106 |
| 690 ## - LOCAL SUBJECT ADDED ENTRY--TOPICAL TERM (OCLC, RLIN) | |
| Topical term or geographic name as entry element | Affordable housing |
| 9 (RLIN) | 6215 |
| 942 ## - ADDED ENTRY ELEMENTS (KOHA) | |
| Suppress in OPAC | 0 |
| Withdrawn status | Lost status | Source of classification or shelving scheme | Damaged status | Not for loan | Home library | Current library | Shelving location | Date acquired | Total Checkouts | Full call number | Barcode | Date last seen | Copy number | Price effective from | Koha item type |
|---|---|---|---|---|---|---|---|---|---|---|---|---|---|---|---|
| Dewey Decimal Classification | London | London | Journal article | 20/05/2003 | ABS66716 | 122349-1001 | 06/08/2019 | 1 | 06/08/2019 | Journal article |